000
00318nam a2200133Ia 4500
008
240624s9999 xx 000 0 und d
041
_a
eng
082
_a
153.3 DEB
100
_a
DE BONO EDWARD
245
_a
LATERAL THINKING
260
_c
1990
_a
London
_b
Penguin Books
300
_a
260 , p. , 20 : cm.
365
_c
RS
999
_c
31383
_d
31383